|
|
|
|
| LEADER |
00000nab a2200000 a 4500 |
| 001 |
vtls008297146 |
| 003 |
SK-MaSNL |
| 005 |
20260304144856.0 |
| 008 |
250505c2005 xo zr|p|||||||000 b|slo |
| 015 |
|
|
|a SNBRB2005/09
|2 snkbucl
|
| 035 |
|
|
|a (uuid)0e1ad00c-796a-4b33-8050-1722cc8dbd26
|
| 035 |
|
|
|a urn:nbn:sk:snk-abaes3
|
| 035 |
|
|
|a (urnnbn)urn:nbn:sk:snk:ar-008dpy
|
| 038 |
|
|
|a SNKBUCL
|
| 040 |
|
|
|a SNKBUCL
|b slo
|c SNKBUCL
|e AACR2
|
| 041 |
0 |
|
|a slo
|
| 044 |
|
|
|a xo
|c SK
|
| 080 |
|
|
|a 692.4:691.11
|2 1997
|
| 080 |
|
|
|a 691.11
|2 1997
|
| 080 |
|
|
|a 624.011.1
|2 1997
|
| 080 |
|
|
|a 694.5
|2 1997
|
| 100 |
1 |
|
|a Straka, Bohumil
|4 aut
|9 627564
|
| 245 |
1 |
0 |
|a Využitie dreva v súčasných konštrukciách šikmých a plochých striech
|c Bohumil Straka, Miloslav Novotný
|
| 300 |
|
|
|b Fotogr., sch.
|
| 504 |
|
|
|a Bibliogr. odkazy
|
| 650 |
0 |
7 |
|a šikmé strechy
|2 snkbucl
|9 67376
|
| 650 |
0 |
7 |
|a drevené strešné konštrukcie
|2 snkbucl
|9 1106776
|
| 650 |
0 |
7 |
|a ploché strechy
|2 snkbucl
|9 51436
|
| 700 |
1 |
|
|a Novotný, Miloslav
|4 aut
|9 6488
|
| 773 |
0 |
|
|t Eurostav
|g Roč. 11, č. 3 (2005), s. 23-26
|x 1335-1249
|
| 850 |
|
|
|a Slovenská národná knižnica
|
| 852 |
|
|
|a Slovenská národná knižnica
|
| 954 |
|
|
|a odborná, vedecká literatúra pôvodná (slovenská)
|2 lita
|
| 958 |
|
|
|a article14
|
| 958 |
|
|
|a OND
|
| 958 |
|
|
|a NB
|
| 958 |
|
|
|a EUIPO
|
| 999 |
|
|
|c 2933721
|d 2935651
|